The Art Of Leadership. (Record no. 229)

MARC details
005 - DATE AND TIME OF LATEST TRANSACTION
control field 20250618162110.0
020 ## - INTERNATIONAL STANDARD BOOK NUMBER
International Standard Book Number 978-0-07-338135-0
082 ## - DEWEY DECIMAL CLASSIFICATION NUMBER
Classification number 158.4 MAN
100 ## - MAIN ENTRY--PERSONAL NAME
Author name MANNING, G.
245 ## - TITLE STATEMENT
Title The Art Of Leadership.
250 ## - EDITION STATEMENT
Edition statement 3rd Ed.
260 ## - PUBLICATION, DISTRIBUTION, ETC.
Place of publication, distribution, etc. New York,
Name of publisher, distributor, etc. McGraw-Hill,
Date of publication, distribution, etc. 2009.
300 ## - PHYSICAL DESCRIPTION
Extent xvii,454p.: ill.; figure.
Other physical details Glossary & Index.
Dimensions 27cm.
700 ## - ADDED ENTRY--PERSONAL NAME
Other authors/Editors KENT,C.
856 ## - ELECTRONIC LOCATION AND ACCESS
Link text Online Access Book
Electronic name Leadership
Path www.mhhe.com
942 ## - ADDED ENTRY ELEMENTS (KOHA)
Source of classification or shelving scheme Dewey Decimal Classification
Koha item type Books
Holdings
Date last seen Total checkouts Full call number Barcode Cost, replacement price Price effective from Koha item type Lost status Source of classification or shelving scheme Damaged status Not for loan Withdrawn status Home library Current library Shelving location Date acquired Cost, normal purchase price
03/10/2025   158.4 MAN 000000601 90000.00 03/10/2025 Books   Dewey Decimal Classification       College of Business Education Main Library College of Business Education Main Library General Collection 03/10/2025 30000.00
03/10/2025   158.4 MAN 000000602 90000.00 03/10/2025 Books   Dewey Decimal Classification       College of Business Education Main Library College of Business Education Main Library General Collection 03/10/2025 30000.00
03/10/2025   158.4 MAN 000000603 90000.00 03/10/2025 Books   Dewey Decimal Classification       College of Business Education Main Library College of Business Education Main Library General Collection 03/10/2025 30000.00
03/10/2025   158.4 MAN 000000604 90000.00 03/10/2025 Books   Dewey Decimal Classification       College of Business Education Main Library College of Business Education Main Library General Collection 03/10/2025 30000.00